000 00780 a2200241 4500
001 sjds
003 sjds
005 20240520201714.0
008 240520b |||||||| |||| 00| 0 spa d
020 _a 9788467738162
020 _a8467738162
040 _csjds
041 _aspa
100 _aSamaniego, Felix Maria
245 _aFabulas de Samaniego /
_cFelix Maria Samaniego, Jean de La Fontaine, Alexandre Honore (Illustrator), Alvaro F. Villa (Translator)
246 _a Fabulas de F. M. Samaniego (y otras)
260 _aMadrid :
_bSusaeta Ediciones,
_c2014
300 _a 125 pages :
_bcolor illustrations ;
_c37 cm
700 1 _aLa Fontaine, Jean de
_eauthor
700 1 _aHonore, Alexandre
_e(Illustrator)
700 1 _aVilla, Alvaro F.
_e(Translator)
942 _cBK
999 _c29677
_d29675